Catálogo

Vista normal Vista MARC

Entrada Personal Name

Número de registros utilizados en: 1

001 - CONTROL NUMBER

  • control field: 9748

003 - CONTROL NUMBER IDENTIFIER

  • control field: Mx-PuUPA

005 - DATE AND TIME OF LATEST TRANSACTION

  • control field: 20210421130124.0

008 - FIXED-LENGTH DATA ELEMENTS

  • fixed length control field: 190808|| aca||aabn | a|a d

040 ## - CATALOGING SOURCE

  • Original cataloging agency: Mx-PuUPA
  • Language of cataloging: spa
  • Transcribing agency: Mx-PuUPA
  • Modifying agency: Mx-PuUPA
  • Description conventions: rda

100 1# - HEADING--PERSONAL NAME

  • Personal name: Gómez, Pedro,

372 ## - FIELD OF ACTIVITY

  • Field of activity: Matemáticas

373 ## - ASSOCIATED GROUP

  • Associated group: Universidad de los Andes
  • Associated group: Universidad de Kent en Canterbury
  • Associated group: Escuela de Economía de Londres

374 ## - OCCUPATION

  • Occupation: Autor
  • Occupation: licenciado en matemáticas
  • Occupation: Ingeniero industrial
  • Occupation: Profesor

375 ## - GENDER

  • Gender: hombre

377 ## - ASSOCIATED LANGUAGE

  • Language code: spa

670 ## - SOURCE DATA FOUND

  • Source citation: Matemática Básica, 1995
  • Information found: portada (Pedro Gómez)